| 000 | 01147nam a22002777a 4500 | ||
|---|---|---|---|
| 001 | 5410 | ||
| 003 | FISKH | ||
| 005 | 20241203153632.0 | ||
| 008 | 241203b cb ||||| |||| 00| 0 eng d | ||
| 020 | _a9780545530507 | ||
| 040 |
_aFISKH _beng _cFISKH _dFISKH |
||
| 050 | _aPZ7.M992 | ||
| 082 | _a973 | ||
| 100 | _aMyers, Walter Dean | ||
| 245 |
_aDown to the last out : _bThe Journal of Biddy Owens: The Negro Leagues, Birmingham, Alabama, 1948 / _cby Walter Dean Myers |
||
| 250 | _aThis edition first printing, January 2013 | ||
| 260 |
_aNew York : _bScholastic ; _c2001. |
||
| 300 |
_a135 pages : _billustrations , maps ; _c20 cm . |
||
| 505 | _aZ | ||
| 520 | _aTeenager Biddy Owens' 1948 journal about working for the Birmingham Black Barons includes the games and the players, racism the team faces from New Orleans to Chicago, and his family's resistance to his becoming a professional baseball player. Includes a historical note about the evolution of the Negro Leagues. | ||
| 521 | 8 |
_a920
_bLexile |
|
| 521 | 8 |
_aZ
_bRaz-Plus |
|
| 700 |
_aScott, Steve _ebook designer |
||
| 942 |
_2ddc _cBK _n0 |
||
| 999 |
_c5410 _d5410 |
||